000
00210 a2200097 4500
001
22722
100
_a
Fitzgerald, A E
245
_a
Electric Machinery
260
_a
_b
McGraw-Hill
_c
1961
090
_c
15361
_d
15361
942
_a
NUST-CAE
_c
M
_c
5960
999
_c
257795
_d
257795